Grösste Schweizer Städte nach Buchstabe - R - Statistiken

Allgemein
  • Dieses Quiz wurde 81 mal gespielt
  • Das Durchschnittsergebnis liegt bei 8 aus 14
Antwortstatistiken
Kanton Einwohner Stadt % Korrekt
SG 28’252 Rapperswil-Jona
77%
TG 11’556 Romanshorn
75%
BS 21’946 Riehen
71%
SG 9’777 Rorschach
71%
BL 19’667 Reinach
66%
AG 9’216 Reinach
66%
ZH 18’739 Regensdorf
63%
VD 21’086 Renens
50%
ZG 11’253 Risch
50%
AG 13’624 Rheinfelden
48%
ZH 8’186 Rümlang
41%
ZH 12’701 Rüti
39%
ZH 13’987 Richterswil
38%
AG 9’565 Rothrist
36%
Keine übereinstimmenden Quizze gefunden
Verteilung der Resultate
Anzahl Personen mit jedem Resultat
Perzentil nach korrekt beantworteten Fragen
Ihre Resultats-Entwicklung
Sie haben dieses Quiz noch nicht gespielt